000 00680nam a2200181Ia 4500
008 100920s9999 xx 000 0 und d
082 _b54143
_a539 थ 85
100 _aकुलकर्णी नलिनी.
245 _aएकशे एक श्रेष्ठ शास्त्रज्ञ.
260 _bउत्कर्ष प्रकाशन पुणे.
_c1985
300 _a128
_bसाधी
365 _b20
520 _aशाआ.
630 _aएकशे एक श्रेष्ठ शास्त्रज्ञ.
650 _aशाआ.
730 _aएकशे एक श्रेष्ठ शास्त्रज्ञ.
942 _cBOOK
999 _c699042
_d699039